000 nam a22 7a 4500
999 _c4874
_d4874
005 20210323101505.0
008 210323b2021 xxu||||| |||| 00| 0 eng d
020 _a9790060036064
040 _aAKMAL
082 _a787.993 LAN
090 _a787.993
_bLAN
100 _aOtto Langey
_99272
245 _aPractical Tutor (Slide Trombone) bass clef :
_bOtto Langey
260 _aLondon
_bBoosey & Hawkes Music Publishers Limited
264 _aLondon
_bBoosey & Hawkes Music Publishers Limited
300 _a115 page
_c30cm
599 _aDALAM PROSES
942 _2ddc
_cBOOK